000 00973nam a2200205Ii 4500
003 JO-AjNU
008 230605s9999||||xx |||||||||||||| ||und||
017 _a2010/10/4090
040 _aJO-AjNU
_bara
_erda
_cJO-AjNU
041 _aara
050 1 4 _aDS39.T48 2011
100 3 _aالبحث التاريخي والإشراف المجالي، بكر خازر؛ فريق العمل خولة ياسين الزغلوان وآخرون,
_eauthor
_956037
245 0 0 _aالثورة العربية الكبرى: الموسوعة التاريخية المصورة
264 3 1 _aعمان: مركز أرض الاردن للدراسات والنشر، 2011
300 _a 557ص
_bيشتمل على ملاحق وصور توضيحية
336 _atext
_btxt
_2rdacontent
337 _aunmediated
_bn
_2rdamedia
338 _avolume
_bnc
_2rdacarrier
650 4 _aالاردن - تاريخ - عبدالله بن الحسين الاول - الثورة العربية الكبرى
_956038
999 _aA25031
_c28599
_d28599